LEADER 01185nam a2200241 u 4500 001 000000106788 003 CaOOAMICUS 005 20131010105436.0 008 070907s1932 gw u000 u ger u 040 $aPUL$bita$dLDB 130 0 $aBiblia.$pN.T.$pAd Hebraeos.$lTedesco.$0(OLS)http://pul/title/42227 245 14$aDie Hebräerfbrief und die Geheime Offenbarung des heiligen Johannes /$cübersetzt und erklärt von Dr. Ignaz Rohr. 250 $a4., neu bearbeitete Aufl. 260 $aBonn :$bP. Hanstein,$c1932. 300 $aviii, 142 p. ;$c24 cm 490 1 $aDie Heilige Schrift des Neuen Testaments ;$v10 630 04$aBiblia.$pN.T.$pAd Hebraeos$xCommenti.$0(OLS)http://pul/subject/14459 630 04$aBiblia.$pN.T.$pApocalypsis$xCommenti.$0(OLS)http://pul/subject/1119 700 1 $aRohr, Ignaz.$0(OLS)http://pul/name/65579 730 0 $aBiblia.$pN.T.$pApocalypsis.$lTedesco.$0(OLS)http://pul/title/105105 830 4$aDie Heilige Schrift des Neuen Testaments ;$v10.$0(OLS)http://pul/title/41178 996 $6245$aDie Hebräerfbrief und die Geheime Offenbarung des heiligen Johannes$9(OLS)http://pul/title/134439 996 $6260$aBonn :$bP. Hanstein$9(OLS)http://pul/publisher/48703 LEADER 01169nam a2200253 u 4500 001 000000055312 003 CaOOAMICUS 005 20070226115754.0 008 010123s1970 it u000 u ita u 035 $a10866095 040 $aPUL(R)$bita 245 03$aLe clausole onerose nelle assicurazioni private /$ca cura di Pasquale Stanzione. 260 $aMilano :$bGiuffrè,$c1970. 300 $a352 p. ;$c25 cm 490 1 $aUniversità degli studi di Camerino. Istituto giuridico. Testi per le esercitazioni. Sezione XI ;$v8 650 4$aDiritto privato.$0(OLS)http://pul/subject/2286 700 1 $aStanzione, Pasquale.$0(OLS)http://pul/name/37178 830 0$aTesti per esercitazioni (Università degli studi di Camerino. Istituto giuridico).$nSezione XI ;$v8.$0(OLS)http://pul/title/64291 850 $aPUL 852 $aPUL$W1$xDP1 Fondo Ciprotti$y59$m1550 E 67$j72757$nBK-PRI$b $qFondi$B72757$CPULBib$Z2$F72757 $H $81 941 1 $a1 961 $aINV: Fondo Ciprotti 996 $6245$aLe clausole onerose nelle assicurazioni private$9(OLS)http://pul/title/74082 996 $6260$aMilano :$bGiuffrè$9(OLS)http://pul/publisher/48401